| 000 | 01698cam a22002174a 4500 | ||
|---|---|---|---|
| 005 | 20250605164037.0 | ||
| 008 | 250528s ||||||||||||||||||||||||d | ||
| 035 | _a16852 | ||
| 020 | _a9604580000 | ||
| 040 |
_aGR-AtMCL _bgre _dGR-AtMCL _eAACR2 |
||
| 245 | 1 | _aΟργάνωση και Αρχιτεκτονική Ηλεκτρονικών Υπολογιστών / Πέμπτη Έκδοση | |
| 260 |
_bΕπίκεντρο, _c2007 |
||
| 300 | _a1152 | ||
| 520 | _aΤο βιβλίο παρέχει μια εμπεριστατωμένη θεώρηση της οργάνωσης και της αρχιτεκτονικής των υπολογιστών. Πρόλογος της Ελληνικής Έκδοσης, Βασική Δομή των Η/Υ, Εντολές Μηχανής και Προγράμματα, Σύνολα Εντολών ARM και MOTOROLA και INTEL, Οργάνωση Λειτουργιών Ε/Ε, Το Σύστημα Μνήμης του Υπολογιστή, Αριθμητική, Βασική Μονάδα Επεξεργασίας, Διασωλήνωση (PIPELINING), Ενσωματωμένα Συστήματα (EMBEDDED SYSTEMS), Περιφερειακές Συσκευές, Οικογένειες Επεξεργαστών, Μεγάλα Υπολογιστικά Συστήματα, Λογικά Κυκλώματα, Σύνολο Εντολών ARM, Σύνολο Εντολών Motorola 68000, Σύνολο Εντολών Intel IA-32, Κωδικοί Χαρακτήρων και Μετατροπές Αριθμών. | ||
| 700 | 1 |
_aHammacher Carl _92934 |
|
| 700 | 1 |
_aVranesic Zvonko _92935 |
|
| 700 | 1 |
_aZaky Safwat _92936 |
|
| 942 | _cBK | ||
| 999 |
_c2304 _d2304 |
||